000 00636 a2200205 4500
001 60952
005 20260407155859.0
008 260407a1982 arg spa d
003 AR-UNSa-BCEJYS
040 _aAR-UNSa-BCEJYS
_bspa
_cAR-UNSa-BCEJYS
080 _a342.9
_xDerecho Administrativo
245 1 0 _aDos estudios sobre derecho administrativo comunitario
020 _a978-84-7351-157-5
264 1 _aMadrid :
_bInstituto Nacional de Administración Pública (INAP)
_c1982
300 _a133 p.
_c21 cm.
041 _aspa
942 _cBK
590 _aniveau_biblio:m niveau_hierar:0
100 1 _aMolina del Pozo, Carlos Francisco
999 _c7142
_d7142